000 01158nam0a22002891 4500
001 rc\2343885
005 20260408072553.0
035 _a(NLR Aleph) 006679874
090 _a5070441
_c5070441
100 _a20110829d1977 |||y0rusy50 ca
101 0 _arus
102 _aRU
105 _aa z |||||
200 1 _aЭкспериментально-фонетические исследования в области русской диалектологии
_e[Сборник статей]
_fАН СССР, Ин-т рус. яз.
_g[Отв. ред. С.С. Высотский]
210 _aМосква
_cНаука
_d1977
215 _a293 с.
_cил.
_d22
320 _aСписки лит. в конце статей
606 _aРусский язык
_xДиалекты
_jСборники
_xФонетика
_2rkp
702 1 _aВысотский
_bС.С.
_4340
712 0 2 _aИнститут русского языка
_cМосква
_3RU\NLR\AUTH\8810062776
_9627109
801 0 _aRU
_bNLR
_gpsbo
801 1 _aRU
_bELAR
_2rusmarc
852 _aNLR
_j77-5/7536
899 _aRuMoRGB
_jБ 77-11/605
899 _aRuMoRGB
_jБ 77-11/606
942 _cBOOK
980 _aNB